| 000 | 01709nam a2200349Ia 4500 | ||
|---|---|---|---|
| 001 | ebr10078500 | ||
| 003 | CaPaEBR | ||
| 006 | m u | ||
| 007 | cr cn||||||||| | ||
| 008 | 041115s2004 dcua sb 101 0 eng d | ||
| 010 | _z 2004027181 | ||
| 020 | _z0815797605 | ||
| 020 | _z0815713355 (pbk. : alk. paper) | ||
| 040 |
_aCaPaEBR _cCaPaEBR |
||
| 035 | _a(OCoLC)60127573 | ||
| 050 | 1 | 4 |
_aHG1725 _b.F88 2004eb |
| 082 | 0 | 4 |
_a332.1 _222 |
| 245 | 0 | 4 |
_aThe future of state-owned financial institutions _h[electronic resource] / _cGerard Caprio ... [et al.], editors. |
| 260 |
_aWashington, D.C. : _bBrookings Institution Press, _cc2004. |
||
| 300 |
_ax, 382 p. : _bill. |
||
| 500 | _a"This book is based on the sixth annual financial markets and development conference held April 26-27, 2004, in Washington, D.C."--P. [ii]. | ||
| 504 | _aIncludes bibliographical references and index. | ||
| 520 | _a"Focuses on the rationale and performance of state-owned financial institutions in emerging markets, as well as on possible government policies for either privatizing or managing them"--Provided by publisher. | ||
| 533 |
_aElectronic reproduction. _bPalo Alto, Calif. : _cebrary, _d2009. _nAvailable via World Wide Web. _nAccess may be limited to ebrary affiliated libraries. |
||
| 650 | 0 |
_aBanks and banking _xGovernment ownership _vCongresses. |
|
| 650 | 0 |
_aFinancial institutions _xGovernment ownership _vCongresses. |
|
| 650 | 0 |
_aPrivatization _vCongresses. |
|
| 655 | 7 |
_aElectronic books. _2local |
|
| 700 | 1 | _aCaprio, Gerard. | |
| 710 | 2 | _aebrary, Inc. | |
| 856 | 4 | 0 |
_uhttp://site.ebrary.com/lib/rucke/Doc?id=10078500 _zAn electronic book accessible through the World Wide Web; click to view |
| 999 |
_c54544 _d54544 |
||